• 首页
  • 本馆介绍
  • 公告通知
  • 最新文献
  • 馆藏检索
  • 电子资源
  • 读者导购
  • 参考咨询
  • 我的图书馆
  • 登录
  • 详细信息显示
  • 放入我的书架
  • 预约/预借图书
  • 作者相关作品
  • 分类相关作品
  • 丛书相关作品
  • 出版社相关作品

书目信息

  • 表格格式
  • 工作单格式
  • 卡片格式
题名:
农副产品微生态法深加工
    
 
作者: 郭维烈 , 郭庆华 著
分册:  
出版信息: 北京   化学工业出版社  2007
页数: 203页
开本: 26cm
丛书名:
单 册:
中图分类: S37
科图分类:
主题词: 微生物生态学--应用--农副产品--加工
电子资源:
ISBN: 978-7-122-00395-9
000 00870nam0 2200265 450
001 012004192497
005 20080225093706.89
009 012004192497
010    @a978-7-122-00395-9@dCNY29.00
035    @a(110019)012007056926
100    @a20071130d2007 em y0chiy0110 ea
101 0  @achi
102    @aCN@b110000
105    @ay z 000yy
106    @ar
200 1  @a农副产品微生态法深加工@Anong fu chan pin wei sheng tai fa shen jia gong@f郭维烈,郭庆华著
210    @a北京@c化学工业出版社@d2007
215    @a203页@d26cm
330    @a本书重点阐述应用微生物生态学原理从自然界中筛选优秀菌株配伍生产有用产品的新型农副产品微生态法深加工的各项实用技术及其前景。
606 0  @a微生物生态学@x应用@x农副产品@x加工
690    @aS37@v4
701  0 @a郭维烈@Aguo wei lie@4著
701  0 @a郭庆华@Aguo qing hua@4著
801  0 @aCN@b110019@c20080225
905    @dS37@e33@f4
    
    农副产品微生态法深加工/郭维烈,郭庆华著.-北京:化学工业出版社,2007
    203页;26cm
    
    
    ISBN 978-7-122-00395-9:CNY29.00
    本书重点阐述应用微生物生态学原理从自然界中筛选优秀菌株配伍生产有用产品的新型农副产品微生态法深加工的各项实用技术及其前景。
●
相关链接 在E读中查询图书 在五车中查询图书 在当当中查询图书 在豆瓣中查询图书


正题名:农副产品微生态法深加工     索取号:S37/33         预约/预借

序号 登录号 条形码 馆藏地/架位号 状态 备注
1 0614437   206144377   第二样本阅览室/ [索取号:S37/33] 在馆    
2 0614438   206144386   第三借阅区/ [索取号:S37/33] 在馆    
3 0614439   206144395   第三借阅区/ [索取号:S37/33] 在馆    
4 0614440   206144402   第三借阅区/ [索取号:S37/33] 在馆    
唐山师范学院图书馆 欢迎您!
大连网信软件有限公司© 版权所有